Catálogo
 En Linea

Libro de los dones y los bienes / (Registro nro. 50012)

Detalles MARC
000 -CABECERA
campo de control de longitud fija 01017nam a22003257a 4500
003 - IDENTIFICADOR DEL NÚMERO DE CONTROL
campo de control DO-SdBNP
005 - FECHA Y HORA DE LA ÚLTIMA TRANSACCIÓN
campo de control 20240529132238.0
008 - DATOS DE LONGITUD FIJA--INFORMACIÓN GENERAL
campo de control de longitud fija 210628b ||||| |||| 00| 0 eng d
020 #4 - NÚMERO INTERNACIONAL ESTÁNDAR DEL LIBRO
Número Internacional Estándar del Libro 978-607-433-947-5
040 #4 - FUENTE DE LA CATALOGACIÓN
Centro catalogador/agencia de origen DO-SdBNP
Lengua de catalogación spa
Centro/agencia transcriptor BNPHU
082 #4 - NÚMERO DE LA CLASIFICACIÓN DECIMAL DEWEY
Número de edición 22
Número de clasificación 861.5
Número de documento/Ítem B533i
100 #1 - ENTRADA PRINCIPAL--NOMBRE DE PERSONA
9 (RLIN) 160
Nombre de persona Berroa, Rei
Fechas asociadas al nombre 1949-
245 01 - MENCIÓN DE TÍTULO
Título Libro de los dones y los bienes /
Mención de responsabilidad, etc. Rei Berroa
260 ## - PUBLICACIÓN, DISTRIBUCIÓN, ETC.
Lugar de publicación, distribución, etc. México :
Nombre del editor, distribuidor, etc. Universidad Autónoma de Nuevo León (UANL),
Fecha de publicación, distribución, etc. 2013.
300 ## - DESCRIPCIÓN FÍSICA
Extensión 123 p.
Dimensiones 20 cm.
500 ## - NOTA GENERAL
Nota general Incluye datos biográficos del autor en la solapa de la portada del libro.
505 ## - NOTA DE CONTENIDO CON FORMATO
Nota de contenido con formato Primera estación.
505 ## - NOTA DE CONTENIDO CON FORMATO
Nota de contenido con formato Segunda estación.
505 ## - NOTA DE CONTENIDO CON FORMATO
Nota de contenido con formato Tercera estación.
505 ## - NOTA DE CONTENIDO CON FORMATO
Nota de contenido con formato Cuarta estación.
505 ## - NOTA DE CONTENIDO CON FORMATO
Nota de contenido con formato Quinta estación.
505 ## - NOTA DE CONTENIDO CON FORMATO
Nota de contenido con formato Sexta estación.
505 ## - NOTA DE CONTENIDO CON FORMATO
Nota de contenido con formato Séptima estación.
505 ## - NOTA DE CONTENIDO CON FORMATO
Nota de contenido con formato Octava estación.
590 ## - NOTA LOCAL (RLIN)
Nota local Inventariado, 2021 S/A
650 #0 - PUNTO DE ACCESO ADICIONAL DE MATERIA--TÉRMINO DE MATERIA
Término de materia o nombre geográfico como elemento de entrada Poesía dominicana
9 (RLIN) 78060
650 #0 - PUNTO DE ACCESO ADICIONAL DE MATERIA--TÉRMINO DE MATERIA
Término de materia o nombre geográfico como elemento de entrada Literatura dominicana.
9 (RLIN) 67
910 ## - DATOS DE OPCIÓN DEL USUARIO (OCLC)
Datos de opción del usuario Saquino
942 ## - ELEMENTOS DE PUNTO DE ACCESO ADICIONAL (KOHA)
Fuente del sistema de clasificación o colocación Dewey Decimal Classification
Tipo de ítem Koha Libro
Existencias
Estado de retiro Estado de pérdida Fuente del sistema de clasificación o colocación Restricciones de uso No para préstamo Código de colección Localización permanente Ubicación/localización actual Ubicación en estantería Fecha de adquisición Fuente de adquisición Total de préstamos Signatura topográfica completa Código de barras Fecha visto por última vez Precio válido a partir de Tipo de ítem Koha
    Dewey Decimal Classification Excluido de préstamo Excluido de préstamo Monografías: Libros y Folletos Biblioteca Nacional Pedro Henríquez Ureña Patrimonio Dominicano En catalogación 28.06.2021 Donado   BNPHU PD RD861.5 B533i 2013 2021-2274 28.06.2021 28.06.2021 Libro

Con tecnología Koha